01643nam2a22002291 4500001001100000005001700011021001900028035002600047100004100073101000800114102000700122105001800129200027400147210006900421215002500490461066300515702009201178702007901270801001801349801002201367852002401389rc\412289720250611101103.0 aRUb[50-12060] a(NLR Aleph) 008153133 a20130415d1950 |||y0rusy50 ca0 arus aRU aa z |||a|1 aДраматические произведенияf[Подгот. текста и коммент. К.К. Бухмейер и др.gРед. В.Е. Евгеньева-Максимова]gПод общ. ред. В.Е. Евгеньева-Максимова [и др.] d1950gОбразцовая тип. им. ЖдановаaБ. м. a667 с., 5 л. ил. 01001rc\412289312001#$aПолное собрание сочинений и писем$fПод общ. ред. В.Е. Евгеньева-Максимова, А.М. Еголина и К.И. Чуковского. Т. 1-$vТ. 41700#1$3RU\NLR\AUTH\776255$aНекрасов$bН. А.$cпоэт$f1821-1877$gНиколай АлексеевичaНекрасов, Н. А. (поэт ; 1821-1877)cМоскваd1900-1953fПод общ. ред. В.Е. Евгеньева-Максимова, А.М. Еголина и К.И. Чуковского. Т. 1-nГос. изд-во худож. лит.tПолное собрание сочинений и писемvТ. 4 1aЕвгеньев-МаксимовbВ.Е.gВладислав Евгеньевич4340 1aБухмейерbК.К.gКсения Константиновна4212 0aRUbNLRgpsbo 1aRUbELAR2rusmarc aNLRjЛ30 Г-3/1037